000 02557nam0a2200385 4500
001 RU\NLR\bibl\1770325
005 20260407074647.0
010 _a978-5-02-032216-5
_9426
021 _aRU
_b2011-31076
_92209
035 _a(NLR Aleph) 001761108
090 _a1578878
_c1578878
100 _a20110518d2010 |||y0rusy50 ca
101 0 _arus
_asho
_deng
102 _aRU
105 _aa |||||||||
200 1 _aФольклор шорцев
_eв записях 1911, 1925-1930, 1959-1960, 1974, 1990-2007 годов
_e[+ компакт-диск
_fРос. акад. наук, Сиб. отд-ние, Ин-т филологии
_gсост., подгот. текстов и пер., вступ. ст., коммент., примеч., указ. Л.Н. Арбачаковой
_gотв. ред.: д.филол.н., лауреат Гос. премии РФ в обл. науки и техники Е.Н. Кузьмина
_gтекстол. ст. Л.Н. Арбачаковой, С.П. Рожновой
_gмузыковед. ст. и нот. записи Г.Б. Сыченко]
210 _aНовосибирск
_cНаука
_d2010
215 _a599, [8] с., [4] л. цв. ил.
_cил., нот.
_d22
225 1 _aПамятники фольклора народов Сибири и Дальнего Востока
_fоснована чл.-корр. Рос. акад. наук А.Б. Соктоевым
_fредкол.: ... А.П. Деревянко (гл. ред.) [и др.]
_vт. 29
300 _aЗагл. и текст парал. на рус. и шор. яз.
300 _aРез. на агл. яз.
316 _aКомпакт-диск отсутствует
_5NLR
320 _aБиблиогр.: с. 586-591 (103 назв.)
320 _aУказатели: имен персонажей, топонимов, исполн., собирателей текстов, мест записи текстов: с. 579-585
606 1 _aШорский фольклор
_91361123
_3RU\NLR\auth\66255051
686 _aШ3(251.7=Ш)-6я43
702 1 _4220
_8rus
_7ca
_aАрбачакова
_bЛ. Н.
_f1963-
_gЛюбовь Никитовна
_3RU\NLR\auth\7771208
_954136
702 1 _4340
_8rus
_7ca
_aКузьмина
_bЕ. Н.
_cфилолог
_gЕвгения Николаевна
_3RU\NLR\auth\7766105
_949034
712 0 2 _4570
_aИнститут филологии
_cНовосибирск
_3RU\NLR\AUTH\883552
_9278403
801 0 _aRU
_bNLR
_c20110518
_gRCR
801 1 _aRU
_bNLR
_c20110518
852 _aNLR
_bОНЛ
_jШор./3-98
942 _cBOOK
980 _aNB